Molecular mechanism of radiotherapy-included immune cell chemotaxis in cancer
Saved in:
MARC
| LEADER | 00000cam a2200000 c 4500 | ||
|---|---|---|---|
| 001 | 1963320921 | ||
| 003 | DE-627 | ||
| 005 | 20260418134324.0 | ||
| 007 | tu | ||
| 008 | 260303s2024 gw ||||| m 00| ||eng c | ||
| 035 | |a (DE-627)1963320921 | ||
| 035 | |a (DE-599)KXP1963320921 | ||
| 035 | |a (OCoLC)1582210756 | ||
| 040 | |a DE-627 |b ger |c DE-627 |e rda | ||
| 041 | |a eng |b ger | ||
| 044 | |c XA-DE-BW | ||
| 084 | |a 33 |2 sdnb | ||
| 100 | 1 | |a Kraske, Joscha |d 1994- |e VerfasserIn |0 (DE-588)1262090776 |0 (DE-627)1809473500 |4 aut | |
| 245 | 1 | 0 | |a Molecular mechanism of radiotherapy-included immune cell chemotaxis in cancer |c vorgelegt von Joscha Alexander Kraske ; Doktorvater: Herr Prof. Dr. med. Dr. rer. nat. Peter E. Huber |
| 264 | 1 | |a Heidelberg |c 2024 | |
| 300 | |a IX, 111, CX-CLXV Seiten |b Illustrationen, Diagramme | ||
| 336 | |a Text |b txt |2 rdacontent | ||
| 337 | |a ohne Hilfsmittel zu benutzen |b n |2 rdamedia | ||
| 338 | |a Band |b nc |2 rdacarrier | ||
| 502 | |b Dissertation |c Ruprecht-Karls-Universität Heidelberg |d 2024 | ||
| 546 | |a Text Englisch, Zusammenfassung in englischer und deutscher Sprache | ||
| 655 | 7 | |a Hochschulschrift |0 (DE-588)4113937-9 |0 (DE-627)105825778 |0 (DE-576)209480580 |2 gnd-content | |
| 700 | 1 | |a Huber, Peter E. |d 1965- |e AkademischeR BetreuerIn |0 (DE-588)1074678869 |0 (DE-627)832350109 |0 (DE-576)442767803 |4 dgs | |
| 710 | 2 | |a Universität Heidelberg |e Grad-verleihende Institution |0 (DE-588)2024349-2 |0 (DE-627)102161488 |0 (DE-576)191769517 |4 dgg | |
| 751 | |a Heidelberg |0 (DE-588)4023996-2 |0 (DE-627)106300814 |0 (DE-576)208952578 |4 uvp | ||
| 951 | |a BO | ||
| 992 | |a 20260420 | ||
| 993 | |a Thesis | ||
| 994 | |a 2024 | ||
| 998 | |g 1262090776 |a Kraske, Joscha |m 1262090776:Kraske, Joscha |d 50000 |d 51001 |e 50000PK1262090776 |e 51001PK1262090776 |k 0/50000/ |k 1/50000/51001/ |p 1 |x j |y j | ||
| 999 | |a KXP-PPN1963320921 |e 495542838X | ||
| BIB | |a Y | ||
| JSO | |a {"noteThesis":["Dissertation. - Ruprecht-Karls-Universität Heidelberg. - 2024"],"language":["eng"],"person":[{"display":"Kraske, Joscha","given":"Joscha","family":"Kraske","role":"aut"},{"role":"dgs","display":"Huber, Peter E.","given":"Peter E.","family":"Huber"}],"name":{"displayForm":["vorgelegt von Joscha Alexander Kraske ; Doktorvater: Herr Prof. Dr. med. Dr. rer. nat. Peter E. Huber"]},"physDesc":[{"extent":"IX, 111, CX-CLXV Seiten","noteIll":"Illustrationen, Diagramme"}],"title":[{"title_sort":"Molecular mechanism of radiotherapy-included immune cell chemotaxis in cancer","title":"Molecular mechanism of radiotherapy-included immune cell chemotaxis in cancer"}],"origin":[{"publisherPlace":"Heidelberg","dateIssuedDisp":"2024","dateIssuedKey":"2024"}],"type":{"bibl":"thesis"},"corporate":[{"role":"dgg","display":"Universität Heidelberg"}],"id":{"eki":["1963320921"]},"recId":"1963320921"} | ||
| SRT | |a KRASKEJOSCMOLECULARM2024 | ||